| 000 | 00675nam a2200253Ia 4500 | ||
|---|---|---|---|
| 003 | OSt | ||
| 005 | 20220918205645.0 | ||
| 006 | a|||||r|||| 00| 0 | ||
| 007 | ta | ||
| 008 | 220917b |||||||| |||| 00| 0 eng d | ||
| 024 | _a117,407 | ||
| 037 | _cTextual | ||
| 040 |
_aARTS _cARTS _beng |
||
| 041 |
_2eng _aeng |
||
| 082 | _aV72.N2, F23 | ||
| 100 |
_aBuchan John ed _9108139 |
||
| 245 | 0 | _aBritish America | |
| 260 |
_aLondon _bWaverley Book _c1923 |
||
| 300 |
_axv,303p. maps _ccm. |
||
| 490 | _aNations of today : a new history of the world | ||
| 650 | _aHISTORY | ||
| 942 |
_hV72.N2, F23 _cTEXL _2CC |
||
| 999 |
_c240689 _d240689 |
||